Short cut alternate tapping and Guthrie paste stimulation system (Record no. 68656)
[ view plain ]
| 000 -LEADER | |
|---|---|
| fixed length control field | 01453nam a2200145Ia 4500 |
| 100 ## - MAIN ENTRY--AUTHOR NAME | |
| Personal name | Thim Leong Tat |
| 245 #0 - TITLE STATEMENT | |
| Title | Short cut alternate tapping and Guthrie paste stimulation system |
| 260 ## - PUBLICATION, DISTRIBUTION, ETC. (IMPRINT) | |
| Name of publisher | In : Management for enhanced profitability in plantations : Proceedings of the 1994 International Planters Conference, Kuala Lumpur, 1994; p351-367 |
| 520 ## - SUMMARY, ETC. | |
| Summary, etc | The rubber industry is facing shortage of skilled tappers. This paper is investigated the low frequency 114s alternate tapping (t,t) system that requires less of these skilled tappers. With the same tapping frequency, it was observed that the 114s (t,t) with stimulation produced crop higher than the control, 1/2s system. In addition, the yield per task per tapping was enhanced by the tapping of more trees per day. By tapping a large task size of 700-800 trees insted of the normal task size of 600 trees, a tapper brought in more crop, and therefore, earned a higher daily wage. By reducing tapping frequency but with increased stimulation intensity using the Guthrie paste technique of stimulation applied to the 1/4s d/4 (t,t) system, very encouraging yield compared with the 1/2s d/2 control was obtained. This has resulted in substantial saving in labour as well as higher revenue and wages for the tappers. |
| 650 ## - SUBJECT ADDED ENTRY--TOPICAL TERM | |
| Topical Term | Guthrie paste stimulation |
| 650 ## - SUBJECT ADDED ENTRY--TOPICAL TERM | |
| Topical Term | Short cut alternate tapping |
| 700 ## - ADDED ENTRY--PERSONAL NAME | |
| Personal name | Yuen Chooi Siew |
| 942 ## - ADDED ENTRY ELEMENTS (KOHA) | |
| Koha item type | Journals |
| Withdrawn status | Lost status | Damaged status | Not for loan | Home library | Current library | Shelving location | Date acquired | Koha item type |
|---|---|---|---|---|---|---|---|---|
| Journals | RRII Library | RRII Library | Physiology | 17/12/2021 | Journals |